000 00736nas a2200241 4500
001 BR8904130
003 BR-BrBNA
005 20231205091652.0
007 ta
008 230509b bl.|||p| |||| 00| 00por d
040 _aBR-BrBNA
_bpor
_cBiblioteca Nacional de Agricultura
041 _a(Pt)
072 _aF01
100 1 _aVasconcelos, S.H.L.
100 1 _aAraujo Filho, J.A.
245 1 _aInfluencia da frequencia e intensidade de poda sobre a produtividade da jurema preta (Mimosa sp.)
650 _aPLANTA FORRAGEIRA
650 _aPODA
650 _aPRODUTIVIDADE
773 0 _tCaatinga (Brazil)
_xISSN 0100-316X
_g(1985), v. 5(1-2) p. 27-34
_wBR8904130
909 _a202311
_bLúcia
_c55
_dLúcia Elande
942 _2AGRIS
_n0
_cANA
999 _c126576
_d126576